000 00269nam a2200109Ia 4500
005 20260328101514.0
008 260328s9999||||xx |||||||||||||| ||und||
245 0 _aArquitectura rusa 1917-1957 (RUSO) /
260 _bMockba
650 _aARQUITECTURA REGIONAL
942 _cBK
999 _c9301
_d9301